LEADER 01135nam0 22003133i 450 001 MIL0601155 005 20231121125550.0 010 $a0471265721 100 $a20160126d2003 ||||0itac50 ba 101 | $aeng 102 $aus 181 1$6z01$ai $bxxxe 182 1$6z01$an 200 1 $aImplementing Six sigma$esmarter solutions using statistical methods$fForrest W. Breyfogle III 205 $a2. ed 210 $aHoboken$cWiley$d©2003 215 $aXLII, 1187 p.$d25 cm. 606 $aControllo di qualità$xMetodi statistici$2FIR$3CFIC083889$9I 606 $aProduzione$xControllo qualità$2FIR$3RMLC381488$9I 676 $a658.562$9$v20 700 1$aBreyfogle$b, Forrest W.$3MILV084955$4070$0140082 801 3$aIT$bIT-01$c20160126 850 $aIT-FR0099 899 $aBiblioteca Area Ingegneristica$bFR0099 912 $aMIL0601155 950 0$aBiblioteca Area Ingegneristica$d 54DII 658.5 BRE$e 54VM 0000382555 VM barcode:BAIN005093. - Inventario:5504DVM$fA $h20040120$i20121204 977 $a 54 996 $aImplementing six sigma$9499953 997 $aUNICAS